| 000 | 00569nam a2200217 a 4500 | ||
|---|---|---|---|
| 001 | BRL_1535 | ||
| 005 | 20190320211242.0 | ||
| 008 | 180214s1978----gw-ob#####---#000-0#eng-# | ||
| 020 | _a0500530173 | ||
| 041 | _aeng | ||
| 044 | _agw | ||
| 050 | 4 |
_aGT1748.A35 _b.B54 1978 |
|
| 100 | 1 |
_aBleakley, Robert _927205 |
|
| 245 | 1 | 0 |
_aAfrican masks _cRobert Bleakley. |
| 260 |
_aLondon _bThames and Hudson _c1978 |
||
| 300 |
_a1 v. _bil., 40 láminas, mapas (a color) _c28 cm. |
||
| 500 | _aAu1814 | ||
| 650 | 1 | 4 |
_aMáscaras _zAfrica _926964 |
| 902 | _aGRL | ||
| 942 |
_2lcc _cB |
||
| 999 |
_c10344 _d10344 |
||